Advanced Synchrotron Radiation Techniques for Nanostructured Materials (Record no. 10994)

MARC details
000 -LEADER
fixed length control field 00950nam a2200121Ia 4500
008 - FIXED-LENGTH DATA ELEMENTS--GENERAL INFORMATION
fixed length control field 220615s9999||||xx |||||||||||||| ||und||
100 ## - MAIN ENTRY--PERSONAL NAME
Personal name Battocchio, Chiara
245 #0 - TITLE STATEMENT
Title Advanced Synchrotron Radiation Techniques for Nanostructured Materials
546 ## - LANGUAGE NOTE
Language note English[eng]
650 ## - SUBJECT ADDED ENTRY--TOPICAL TERM
Topical term or geographic name entry element binding energies||electrochemical impedance spectroscopy||laser heating||crystallization kinetics||Ge(001)-2||supercapacitor materials||in situ X-ray photoelectron spectroscopy||thermal expansion||XPS||self-assembling peptides||multilayers||magnetic annealing||metallic glasses||synchrotron radiation||micro-mesoporous carbon electrode||nuclear forward scattering||NEXAFS||synchrotron radiation induced spectroscopies||bioactive materials||nanostructures||thin films||cyclic voltammetry||room temperature ionic liquids||titanium alloy||synchrotron pump-probe powder scattering||thermal conductivity
856 ## - ELECTRONIC LOCATION AND ACCESS
Uniform Resource Identifier <a href="https://mdpi.com/books/pdfview/book/1759">https://mdpi.com/books/pdfview/book/1759</a>
942 ## - ADDED ENTRY ELEMENTS (KOHA)
Koha item type E-Books
Holdings
Withdrawn status Lost status Damaged status Not for loan Home library Current library Date acquired Total Checkouts Date last seen Price effective from Koha item type
        Kerala University of Digital Sciences, Innovation and Technology Knowledge Centre Kerala University of Digital Sciences, Innovation and Technology Knowledge Centre 15/06/2022   15/06/2022 15/06/2022 E-Books